[Event "Challenge"]
[Site "http://www.queenalice.com/game.php?id=784927"]
[Date "2010.6.3"]
[Round "-"]
[White "Reicp"]
[Black "Jcsantos"]
[Result "1-0"]
[WhiteElo "1663"]
[BlackElo "1100"]

1. e4 e5 2. Nf3 f6 3. d3 Bb4+ 4. c3 Be7 5. d4 d6 6. Bb5+ c6 7. Ba4 b5 8. Bb3 Nh6
9. d5 Ng4 10. dxc6 Nxc6 11. Bd5 Bb7 12. Nh4 h5 13. Ng6 Rh7 14. Na3 a6 15. O-O
Qa5 16. h3 Nh6 17. Qxh5 Kd7 18. Bxh6 gxh6 19. Qf5+ Kc7 20. Nxe5 Rah8 21. Qd7+
Kb6 22. Nxc6 Bxc6 23. Qxc6+ Ka7 24. Qb7# 1-0

[Event "vamos la ze"]
[Site "http://www.queenalice.com/game.php?id=784988"]
[Date "2010.6.3"]
[Round "-"]
[White "Jcsantos"]
[Black "JBLOKO"]
[Result "1-0"]
[WhiteElo "1096"]
[BlackElo "1721"]

1. e4 Nc6 2. Nc3 e6 3. f3 Bc5 4. Nh3 Nf6 5. a4 Qe7 6. Nb5 Qd6 7. Nxd6+ cxd6 8.
c3 O-O 9. d4 Bb6 10. Bb5 a6 11. Bc4 Na5 12. Bd3 d5 13. Bg5 Bd8 14. b4 Nc4 15.
Rb1 a5 16. Nf4 b6 17. b5 Bb7 18. Qb3 Rc8 19. O-O Nd2 20. Qc2 Nxf1 21. Kxf1 h6
22. Bh4 g5 23. Bg3 gxf4 24. Bxf4 Kg7 25. e5 Nh5 26. Be3 Rh8 27. g4 Nf6 28. exf6+
Bxf6 29. Ke2 e5 30. dxe5 Bxe5 31. f4 Bxc3 32. Rb3 Bd4 33. Qd2 Rhe8 34. Bf5 Bxe3
35. Rxe3 Rxe3+ 36. Kxe3 Re8+ 37. Kd3 d6 38. Qc3+ Kf8 39. Qc7 Re7 40. Qb8+ Kg7
41. Qxd6 Re1 42. Qxb6 Ba8 43. Qxa5 Rd1+ 44. Ke3 d4+ 45. Ke2 Rh1 46. Qxa8 Rxh2+
47. Kd3 Rf2 48. Qe4 f6 49. Qxd4 Ra2 50. b6 Ra3+ 51. Ke4 Rb3 52. Qd7+ Kf8 53. Bg6
Rb4+ 54. Kf5 Rxb6 55. Qf7# 1-0

[Event "Challenge"]
[Site "http://www.queenalice.com/game.php?id=802772"]
[Date "2010.7.13"]
[Round "-"]
[White "Reicp"]
[Black "Jcsantos"]
[Result "1/2-1/2"]
[WhiteElo "1652"]
[BlackElo "1100"]

1. e4 e5 2. Nf3 Nf6 3. Nxe5 d6 4. Nf3 Nxe4 5. Bd3 d5 6. c4 c6 7. O-O Bc5 8. Bxe4
dxe4 9. Ne5 Qf6 10. d4 Bd6 11. Nc3 O-O 12. Nxe4 Qe6 13. Nxd6 f6 14. Ndf7 fxe5
15. Nxe5 b6 16. Re1 Nd7 17. Ng4 Qxc4 18. b3 Qc3 19. Ba3 c5 20. Re3 Qxd4 21. Qe2
Qxa1+ 22. Qe1 Qxa2 23. Re8 Bb7 24. Qe6+ Kh8 25. Rxf8+ Rxf8 26. Qe1 Qxa3 27. h4
Qxb3 28. Qe7 Qd1+ 29. Kh2 Qxg4 30. g3 a5 31. Qe3 Rf3 32. Qe8+ Rf8 33. Qe1 Qf3
34. Qg1 a4 35. Kh3 h5 36. Kh2 Nf6 37. Kh3 Bc8+ 38. Kh2 Ng4+ 39. Kh3 Nxf2+ 40.
Kh2 Ng4+ 41. Kh3 Qf2 42. Qxf2 Rxf2 1/2-1/2

[Event "Challenge"]
[Site "http://www.queenalice.com/game.php?id=818756"]
[Date "2010.8.15"]
[Round "-"]
[White "Jcsantos"]
[Black "Landoaldojr"]
[Result "0-1"]
[WhiteElo "1175"]
[BlackElo "1789"]

1. e4 e5 2. Nf3 d6 3. Bb5+ c6 4. Ba4 b5 5. Bb3 Qe7 6. d3 Be6 7. Bg5 Nf6 8. a4
Bxb3 9. cxb3 Nbd7 10. d4 h6 11. Bh4 Qe6 12. axb5 cxb5 13. Ra5 a6 14. Nc3 exd4
15. Nxd4 Qg4 16. Bxf6 Qxd1+ 17. Nxd1 Nxf6 18. f3 Nd7 19. b4 Ne5 20. O-O Be7 21.
f4 Nc4 22. Ra2 O-O 23. Nf5 Bf6 24. b3 g6 25. Nxh6+ Kg7 26. Ng4 Bd4+ 27. Ndf2 Ne3
28. Nxe3 Bxe3 29. h4 Bxf4 30. g4 Be3 31. Re1 Bf4 32. Nh3 Bg3 33. Rd1 Rad8 34.
Rxa6 Rh8 35. Ng5 Bxh4 36. Nf3 Be7 37. Kf1 Rh1+ 38. Ke2 Rxd1 39. Kxd1 Bf6 40. g5
Bc3 41. Rb6 Bxb4 42. Rxb5 Bc5 43. b4 Be3 44. Rd5 Re8 45. e5 dxe5 46. Nxe5 Bxg5
47. b5 Rd8 48. Rxd8 Bxd8 49. Nc6 Bc7 50. Ke2 f5 51. Kf3 Kf6 0-1

[Event "Challenge"]
[Site "http://www.queenalice.com/game.php?id=818759"]
[Date "2010.8.15"]
[Round "-"]
[White "Jcsantos"]
[Black "JeanRezende"]
[Result "0-1"]
[WhiteElo "1276"]
[BlackElo "1450"]

1. e4 e5 2. Nf3 d6 3. Bb5+ c6 4. Ba4 Qb6 5. O-O Nf6 6. d3 Qd8 7. Nc3 g6 8. b4
Bg7 9. Bg5 O-O 10. b5 Qa5 11. Qd2 Bd7 12. Rab1 cxb5 13. Bxb5 Bxb5 14. Rxb5 Qa6
15. Rb4 Nc6 16. Nd5 Nxd5 17. Rc4 Nf6 18. Bh6 Qxa2 19. c3 Qa6 20. Bg5 b5 21. Rxc6
Qxc6 22. Rc1 a5 23. h4 a4 24. g3 a3 25. Ra1 Ra7 26. Bh6 Bxh6 27. Qxh6 Qxc3 28.
Qc1 Qxd3 29. Qe3 Qc4 30. Qxa7 Qc3 31. Qxa3 b4 32. Qxc3 bxc3 33. Rc1 Rc8 34. Ne1
Nxe4 35. g4 Rc4 36. f3 Ng3 37. Kg2 Nh5 38. Nc2 Nf4+ 39. Kf2 Nd3+ 40. Ke2 Nxc1+
41. Kd1 Na2 42. Ne3 Nb4 43. Nxc4 c2+ 44. Kc1 f5 45. Nxd6 fxg4 46. fxg4 Kg7 47.
h5 gxh5 48. gxh5 Kh6 49. Nf7+ Kxh5 0-1

[Event "AUTO-OPEN-2074"]
[Site "http://www.queenalice.com/game.php?id=819018"]
[Date "2010.8.16"]
[Round "1"]
[White "GM_Westerley_1993"]
[Black "Jcsantos"]
[Result "1-0"]
[WhiteElo "1872"]
[BlackElo "1175"]

1. e4 e5 2. Nf3 d6 3. d4 exd4 4. Nxd4 Nc6 5. Bb5 a6 6. Bxc6+ bxc6 7. Nxc6 Bb7 8.
Nd4 Bxe4 9. Qe2 c5 10. Qxe4+ Qe7 11. Qxe7+ Bxe7 12. Nf5 Bf8 13. Bf4 g6 14. Nxd6+
Ke7 15. Nc3 Rd8 16. Nde4 c4 17. Ke2 Nf6 18. Rad1 Nd7 19. Nd5+ Ke6 20. Nc5+ Bxc5
21. f3 Rhe8 22. g4 Rc8 23. Rhe1 f6 24. Kf1+ Kf7 25. Nc7 Rxe1+ 26. Kxe1 g5 27.
Bg3 Ne5 28. Bxe5 fxe5 29. Nd5 Bd4 30. c3 Bc5 31. Ke2 Re8 32. Nc7 Re7 33. Nxa6
Bb6 34. Nb4 Re6 35. Nd5 Bc5 36. Ne3 h6 37. Nxc4 e4 38. Rd5 exf3+ 39. Kxf3 Rf6+
40. Rf5 Rxf5+ 41. gxf5 1-0

[Event "AUTO-OPEN-2074"]
[Site "http://www.queenalice.com/game.php?id=819019"]
[Date "2010.8.16"]
[Round "1"]
[White "Jcsantos"]
[Black "GM_Westerley_1993"]
[Result "0-1"]
[WhiteElo "1175"]
[BlackElo "1861"]

1. e4 c5 2. d3 Nc6 3. Nf3 d6 4. c4 g6 5. d4 cxd4 6. Nxd4 Bg7 7. Be3 Nf6 8. f3
O-O 9. Qa4 Bd7 10. Qc2 Qa5+ 11. Qd2 Qxd2+ 12. Nxd2 Nxe4 13. fxe4 Nxd4 14. O-O-O
b5 15. b3 bxc4 16. bxc4 Ne6 17. Nb3 a5 18. a3 Ba4 19. Rd3 Rab8 20. Nxa5 Be5 21.
g4 Nf4 22. Rd2 g5 23. h4 f6 24. h5 h6 25. Ba7 Ra8 26. Bb6 Bc3 27. Rf2 Bxa5 28.
c5 Rfc8 29. Bc4+ Kg7 30. cxd6 Rxc4+ 31. Kb1 Bxb6 32. Rd2 exd6 33. Rxd6 Bc2+ 34.
Kb2 Nd3+ 35. Ka2 Rxa3+ 36. Kxa3 Bc5+ 37. Ka2 Ra4# 0-1

[Event "AUTO-OPEN-2074"]
[Site "http://www.queenalice.com/game.php?id=819050"]
[Date "2010.8.16"]
[Round "1"]
[White "Jcsantos"]
[Black "craig"]
[Result "0-1"]
[WhiteElo "1176"]
[BlackElo "1572"]

1. e4 e5 2. Nf3 f6 3. Bb5 c6 4. Ba4 Na6 5. d3 Nh6 6. Bb3 Qb6 7. Be3 Bc5 8. d4
exd4 9. Bxd4 Bxd4 10. O-O Bc5 11. Na3 d6 12. Nc4 Qc7 13. Nh4 O-O 14. Nb6+ Kh8
15. Nxa8 Qb8 16. Nf5 Nxf5 17. exf5 Bxf5 18. Qh5 Bg6 19. Qe2 Qxa8 20. Rad1 Re8
21. Qd2 Nc7 22. a4 Qc8 23. a5 Na6 24. c3 Qf5 25. Bc2 Qh5 26. b4 Bxf2+ 27. Kxf2
Bxc2 28. Qxc2 Qxh2 29. Rde1 Qh4+ 30. Kf3 Rxe1 31. Qd3 Qh5+ 32. Kf2 Qh4+ 33. g3
Qh2+ 34. Kf3 Rxf1+ 35. Qxf1 Qh5+ 36. g4 Qd5+ 37. Kg3 Qe5+ 38. Qf4 Qxc3+ 39. Kh4
g5+ 40. Qxg5 fxg5+ 41. Kxg5 Kg7 42. Kf5 Qf6+ 43. Ke4 Nxb4 44. Ke3 Qe5+ 45. Kf3
Nd3 46. g5 c5 47. Kg4 Kg6 48. a6 bxa6 49. Kh4 Qxg5+ 50. Kh3 Nf4+ 51. Kh2 Qg2#
0-1

[Event "AUTO-OPEN-2074"]
[Site "http://www.queenalice.com/game.php?id=819051"]
[Date "2010.8.16"]
[Round "1"]
[White "craig"]
[Black "Jcsantos"]
[Result "1-0"]
[WhiteElo "1545"]
[BlackElo "1179"]

1. e4 Nf6 2. f3 e5 3. d4 exd4 4. Qxd4 Nc6 5. Qd2 Bb4 6. c3 Bc5 7. Qe2 O-O 8. Nh3
d6 9. Nd2 d5 10. Ng5 h6 11. Nh3 Qe8 12. Qd3 a5 13. b3 a4 14. b4 Ne5 15. Qc2 Be3
16. b5 Nc4 17. Nxc4 Bc5 18. Nb2 a3 19. Nd3 Qxb5 20. Nxc5 Qxc5 21. Nf2 dxe4 22.
fxe4 Re8 23. Be2 h5 24. O-O Bd7 25. Bf3 Bg4 26. Qd3 Rad8 27. Qe2 Qxc3 28. Bd2
Rxd2 29. Qe1 Be6 30. Rc1 Bxa2 31. Kh1 g5 32. Rxc3 Red8 33. e5 Ng4 34. Nxg4 hxg4
35. Bxg4 Be6 36. Bxe6 fxe6 37. Rxc7 a2 38. h3 Rd1 39. Qe2 a1=Q 40. Rf7 b6 41.
Qf3 Qxe5 42. Rf8+ Kg7 43. Rf7+ Kh8 44. Qh5+ Kg8 45. Qh7# 1-0

[Event "AUTO-BEG-416"]
[Site "http://www.queenalice.com/game.php?id=819242"]
[Date "2010.8.16"]
[Round "1"]
[White "Jcsantos"]
[Black "killaredwolfman"]
[Result "0-1"]
[WhiteElo "1100"]
[BlackElo "1481"]

1. e4 e5 2. Nf3 Nc6 3. Bb5 Bc5 4. g3 Nf6 5. d3 O-O 6. O-O Nd4 7. Nxd4 Bxd4 8. c3
d5 9. Qb3 Bc5 10. Be3 Bxe3 11. fxe3 c6 12. Ba4 b5 13. Bxb5 cxb5 14. Qxb5 dxe4
15. Qc6 Bh3 16. Rf2 Qxd3 17. Na3 Ng4 18. Qc4 Qxe3 19. Qe2 Qg5 20. Rd1 f5 21. Qd2
e3 22. Qd5+ Kh8 23. Rg2 f4 24. gxf4 Qxf4 25. Rg3 Qf2+ 26. Kh1 Qxh2# 0-1

[Event "AUTO-BEG-416"]
[Site "http://www.queenalice.com/game.php?id=819243"]
[Date "2010.8.16"]
[Round "1"]
[White "killaredwolfman"]
[Black "Jcsantos"]
[Result "1-0"]
[WhiteElo "1505"]
[BlackElo "1188"]

1. e4 e5 2. Nf3 d6 3. Bc4 Be6 4. Bxe6 fxe6 5. O-O Nc6 6. d4 Qf6 7. dxe5 Nxe5 8.
Nxe5 dxe5 9. Qh5+ g6 10. Qe2 O-O-O 11. f4 Bc5+ 12. Be3 Bxe3+ 13. Qxe3 exf4 14.
Qa3 Qd4+ 15. Kh1 Nf6 16. h3 Nxe4 17. Nc3 Ng3+ 18. Kh2 Nxf1+ 19. Rxf1 Rhf8 20.
Nb5 Qb6 21. Qb4 c5 22. Qc4 a6 23. Na3 Qxb2 24. Qxc5+ Kb8 25. Rb1 Rc8 26. Qd6+
Rc7 27. Rxb2 Re8 28. Qxa6 Kc8 29. Qa8+ Kd7 30. Qa4+ Rc6 31. Rxb7+ Kd6 32. Qd4#
1-0

[Event "AUTO-BEG-416"]
[Site "http://www.queenalice.com/game.php?id=819244"]
[Date "2010.8.16"]
[Round "1"]
[White "Jcsantos"]
[Black "rafaelportors"]
[Result "1-0"]
[WhiteElo "1175"]
[BlackElo "1188"]

1. e4 e5 2. Nf3 d5 3. Nxe5 Bd6 4. Bb5+ c6 5. Ba4 Bxe5 6. O-O Qf6 7. c3 Qh6 8. f4
Bc7 9. e5 Bb6+ 10. d4 Qh4 11. g3 Qh3 12. Qe2 Bg4 13. Qg2 Qh5 14. Bd1 Ne7 15.
Bxg4 Qxg4 16. h3 Qf5 17. g4 Qd3 18. f5 Nd7 19. Qg3 Qxg3+ 20. Kh1 Qxh3+ 21. Kg1
h5 22. Kf2 1-0

[Event "AUTO-BEG-416"]
[Site "http://www.queenalice.com/game.php?id=819245"]
[Date "2010.8.16"]
[Round "1"]
[White "rafaelportors"]
[Black "Jcsantos"]
[Result "0-1"]
[WhiteElo "1166"]
[BlackElo "1203"]

1. e4 e5 2. c3 d6 3. b3 Nc6 4. d4 f6 5. Nf3 exd4 6. cxd4 Nh6 7. Nc3 Be7 8. Bb5
a6 9. Bd3 Bg4 10. h3 Bxf3 11. Qxf3 Nxd4 12. Qh5+ Nf7 13. O-O g6 14. Qd5 Nc6 15.
Bc4 Nfe5 16. Be2 Nb4 17. Qe6 Nc2 18. Rb1 Nd4 19. Qd5 c5 20. Qxb7 Qb8 21. Qxb8+
Rxb8 0-1